[Event "POL-chT 2nd League"]
[Site "Jastrzebia Gora"]
[Date "2015.09.12"]
[Round "8.96"]
[White "Harazinska, Magdalena"]
[Black "Wesolowska, Hanna"]
[Result "0-1"]
[WhiteElo "1819"]
[BlackElo "1994"]
[PlyCount "96"]
[EventDate "2015.09.05"]
[EventType "team-swiss"]
[EventRounds "9"]
[EventCountry "POL"]
[SourceTitle "EXT 2017"]
[Source "ChessBase"]
[SourceDate "2016.10.25"]
[SourceVersion "1"]
[SourceVersionDate "2016.10.25"]
[SourceQuality "1"]
[WhiteTeam "Victoria Komplexbud"]
[BlackTeam "Nowy Sacz Sandecja"]
[WhiteTeamCountry "POL"]
[BlackTeamCountry "POL"]

1. d4 Nf6 2. c4 e6 3. Nc3 b6 4. e4 Bb7 5. f3 d6 6. Bd3 Nbd7 7. Nge2 g6 8. 0-0 Bg7 9. Be3 0-0 10. Kh1 e5 11. d5 Nc5 12. Bc2 a5 13. Qd2 Ba6 14. b3 Re8 15. g4 Bc8 16. Ng3 Kh8 17. h4 Bd7 18. Kg2 h5 19. Bg5 Qc8 20. Bxf6 Bxf6 21. Nxh5 Bg7 22. Ng3 f6 23. Rh1 Kh7 24. Rh2 Rh8 25. Rah1 Kg8 26. g5 Qd8 27. gxf6 Qxf6 28. h5 Rf8 29. Qe3 Bh6 30. Qe2 Bf4 31. Rg1 Bxg3 32. Kxg3 Qf4+ 33. Kg2 Rxh5 34. Rxh5 gxh5 35. Bd1 Kh7 36. Kf1 Bg4 37. Kf2 Bxf3 38. Qxf3 Qd2+ 39. Ne2 Nxe4+ 40. Kg2 Rxf3 41. Kxf3 Ng5+ 42. Kg2 h4 43. Kh1 Qe3 44. Bc2+ Kh6 45. Rg2 Qf3 46. Ng1 Qf1 47. Rg4 h3 48. Be4 Kh5 0-1